00841nam a2200205Ii 450000100060000000300090000600800410001504000330005604100080008908200140009724501620011126400540027330000120032733600260033933700280036533800270039394000520042099900170047295201460048920019CO-ViMGA241108s9999||||xx |||||||||||||| ||und|| aCO-ViMGAbspaerdacCO-ViMGA0 aspa04a551.7 P1410aPaleografía de Andalucía Oriental :balbum dirigido por Josefina Mateu Ibars ; transcripciones por Eladio de la Presa Molina ... [et al.] [Texto impreso] 1aMadrid, España : Granada Universidad 1973, 1973 avolumen atextbtxt2rdacontent aunmediatedbn2rdamedia avolumebnc2rdacarrier aidficha_siabuc: 19675. -- ficha_no_siabuc:20019 c49253d49253 001040708FFamiliaCaraMEVIGERRbMEVIGERRcLOCALd2017-07-26o551.7 P14pECA26125r2024-11-26 09:50:56tEj.1w2024-11-26yBKz19675 | 25239